[Event "Hilton Open"]
[Site "Basel SUI"]
[Date "2000.01.02"]
[Round "3"]
[White "Horvath,Jo"]
[Black "Kliment,J"]
[Result "1-0"]
[WhiteElo "2557"]
[BlackElo "2120"]

1.d4 Nf6 2.Nf3 d5 3.c4 c6 4.Qc2 dxc4 5.Qxc4 Nbd7 6.Nc3 Nb6 7.Qd3 e6 8.g3 Be7
9.Bg2 O-O 10.O-O Re8 11.Rd1 h6 12.Qc2 a6 13.e4 Bd7 14.Ne5 Rc8 15.Be3 Qc7
16.Rac1 Bd6 17.Qe2 Red8 18.Nd3 Ne8 19.e5 Bf8 20.Qg4 f5 21.Qg6 Kh8 22.Nf4 Nc4
23.Qf7  1-0

[Event "Challengers"]
[Site "Hastings ENG"]
[Date "2000.01.04"]
[Round "7"]
[White "Palatnik,S"]
[Black "Pert,N"]
[Result "1/2-1/2"]
[WhiteElo "2490"]
[BlackElo "2425"]

1.d4 d5 2.c4 c6 3.Nf3 Nf6 4.Qc2 g6 5.Bf4 Na6 6.e3 Bf5 7.Qb3 Nb4 8.Na3 Qa5
9.Nd2 Nh5 10.Bg3 Nxg3 11.hxg3 Bg7 12.Rc1 Be6 13.cxd5 Nxd5 14.Qxb7 O-O 15.Qa6 Qxa6
16.Bxa6 Nb4 17.Bc4 c5 18.Bxe6 fxe6 19.Rc4 Rab8 20.O-O cxd4 21.exd4 Nxa2 22.b3 e5
23.dxe5 Bxe5 24.Re1 Bd6 25.Nc2 Nb4 26.Nxb4 Bxb4 27.Re2 Bxd2 28.Rxd2  1/2-1/2

[Event "Challengers"]
[Site "Hastings ENG"]
[Date "2000.01.05"]
[Round "8"]
[White "Plaskett,J"]
[Black "Pert,N"]
[Result "1-0"]
[WhiteElo "2513"]
[BlackElo "2425"]

1.d4 d5 2.Nf3 Nf6 3.c4 c6 4.Qc2 g6 5.Bf4 Na6 6.e3 Bf5 7.Qb3 Nb4 8.Qxb4 e5
9.Qxb7 Rb8 10.Qxc6+ Bd7 11.Qxf6 Qxf6 12.Bxe5 Qb6 13.b3 Bb4+ 14.Nbd2 O-O 15.Bxb8 Rxb8
16.Bd3 Qa5 17.Ke2 Bg4 18.Rhd1 Bxd2 19.Rxd2 Rxb3 20.axb3 Qxa1 21.cxd5 Qa3
22.Bc4 Bc8 23.Ne5 Ba6 24.Rd3 Qa2+ 25.Rd2 Qa3 26.Nd3 Kf8 27.Bxa6 Qxa6 28.e4 Qb5
29.d6 Qxb3 30.Rb2 Qe6 31.e5 a5 32.Ke3 Kg7 33.Nc5 Qc4 34.d7 Qc3+ 35.Nd3 Qc7
36.Rb7 Qd8 37.Nc5 Qg5+ 38.f4 Qh4 39.d8=Q Qe1+ 40.Kd3 Qf1+ 41.Kc2  1-0

[Event "Belgian Interteams 2000-1"]
[Site "BEL"]
[Date "2000.01.07"]
[Round "6"]
[White "Duhayon,Y"]
[Black "Groffen,H"]
[Result "1-0"]
[WhiteElo "2195"]
[BlackElo "2224"]

1.d4 d5 2.Nf3 c6 3.c4 dxc4 4.g3 b5 5.Bg2 Nd7 6.O-O Bb7 7.a4 a6 8.b3 cxb3
9.Qxb3 e6 10.Nc3 Ngf6 11.e4 Nb6 12.axb5 axb5 13.Bg5 Be7 14.e5 Nfd5 15.Ne4 O-O
16.h4 Qd7 17.Bxe7 Qxe7 18.Nc5 Na4 19.Rac1 Nxc5 20.dxc5 h6 21.Nd2 Ra4 22.Ne4 Rfa8
23.Nd6 Ra3 24.Qb2 Ra2 25.Qb1 R8a4 26.Rfd1 R2a3 27.Rd3 Rxd3 28.Qxd3 Ba6 29.Qd1 f5
30.Bxd5 exd5 31.Qh5 f4 32.Qf5 fxg3 33.fxg3 b4 34.e6 Ra3 35.Qf7+ Qxf7 36.exf7+ Kf8
37.Re1  1-0

[Event "Troll Masters"]
[Site "Gausdal NOR"]
[Date "2000.01.11"]
[Round "2"]
[White "Leskiewicz,M"]
[Black "Rausis,I"]
[Result "1/2-1/2"]
[WhiteElo "2206"]
[BlackElo "2496"]

1.d4 d5 2.c4 dxc4 3.Nf3 c6 4.a4 Nf6 5.Nc3 Na6 6.Ne5 Nb4 7.e3 Bf5 8.Bxc4 e6
9.O-O Bd6 10.Qe2 Ne4 11.g4 Bxe5 12.gxf5 Bxh2+ 13.Kxh2  1/2-1/2

[Event "Troll Masters"]
[Site "Gausdal NOR"]
[Date "2000.01.11"]
[Round "2"]
[White "Bae,T"]
[Black "Pedersen,St"]
[Result "0-1"]
[WhiteElo "2218"]
[BlackElo "2427"]

1.d4 d5 2.c4 c6 3.Nf3 Nf6 4.Qc2 dxc4 5.Qxc4 Bf5 6.Nc3 Nbd7 7.Bf4 e6 8.e3 a5
9.a3 Nb6 10.Qa2 h6 11.Be2 Be7 12.O-O O-O 13.Ne5 Nbd5 14.Nxd5 exd5 15.Qb3 Qc8
16.Rac1 a4 17.Qd1 Qd8 18.Bd3 Bxd3 19.Qxd3 Bd6 20.Qf5 Qe7 21.Rc2 Rfe8 22.Nd3 Ne4
23.Rfc1 Ra5 24.Bxd6 Nxd6 25.Qe5 Qd8 26.Qf4 Ne4 27.Nc5 Nxc5 28.Rxc5 Rxc5 29.Rxc5 Qb6
30.Rc2 Re4 31.Qf5 g6 32.Qc8+ Kg7 33.Re2 Qb3 34.Kf1 Qd1+ 35.Re1 Qd3+ 36.Kg1 Qd2
37.Kf1 Qxb2 38.f3 Re6  0-1

[Event "ch-Asia"]
[Site "Udaipur IND"]
[Date "2000.01.12"]
[Round "3"]
[White "Reilly,T"]
[Black "Ramesh,R"]
[Result "0-1"]
[WhiteElo "2192"]
[BlackElo "2443"]

1.d4 d5 2.c4 c6 3.Nf3 Nf6 4.Qc2 g6 5.e3 Bf5 6.Bd3 Qa5+ 7.Bd2 Bxd3 8.Qxd3 Qa6
9.b3 Nbd7 10.O-O Bg7 11.Nc3 O-O 12.e4 Nb6 13.Ne5 dxc4 14.bxc4 Rad8 15.Rab1 Nfd7
16.Nxd7 Rxd7 17.Be3 Qxc4 18.Qxc4 Nxc4 19.e5 Nxe3 20.fxe3 c5 21.Ne2 cxd4 22.exd4 Bh6
23.Rf3 Rc8 24.Rbf1 Rc2 25.Ng3 Rxd4  0-1

[Event "Troll Masters"]
[Site "Gausdal NOR"]
[Date "2000.01.13"]
[Round "6"]
[White "Johansson,P"]
[Black "Romsdal,T"]
[Result "0-1"]
[WhiteElo "2099"]
[BlackElo "2204"]

1.d4 d5 2.Nf3 c6 3.g3 Nf6 4.c4 Bf5 5.Qb3 Qc8 6.Bg2 e6 7.Nc3 Na6 8.O-O Nb4
9.Ne1 a5 10.cxd5 Nbxd5 11.Nxd5 exd5 12.Bg5 Be7 13.Nd3 a4 14.Qd1 O-O 15.a3 Re8
16.Rc1 Bxd3 17.Qxd3 Ne4 18.Bxe7 Rxe7 19.Bxe4 dxe4 20.Qc3 Qh3 21.e3 Re6 22.f4 exf3
23.Rxf3 Rae8 24.Qd3 Qh6 25.Re1 Re4 26.Rf4 Rxf4 27.gxf4 Qh3 28.Qf1 Qf5 29.Qf3 Re6
30.e4 Rg6+ 31.Kf2 Qb5 32.Re2 Qc4 33.Rd2 Rh6 34.Kg2 Rd6 35.Qd3 Rg6+ 36.Kf3 Qc1
37.Kf2 Rg1 38.Qe2 Rf1+ 39.Kg3 Re1 40.Qd3 h5 41.d5 Rg1+ 42.Kh3 cxd5 43.exd5 g5
44.Rf2 Qc8+ 45.f5 Qd8 46.f6 Qc8+ 47.Qf5 Qc4  0-1

[Event "Israeli League"]
[Site "Ramat Aviv ISR"]
[Date "2000.01.21"]
[Round "2"]
[White "Peker,O"]
[Black "Tyomkin,D"]
[Result "1/2-1/2"]
[WhiteElo "2385"]
[BlackElo "2516"]

1.d4 d5 2.c4 c6 3.Nf3 Nf6 4.Qc2 g6 5.Bf4 Bf5 6.Qb3 Qb6 7.Nbd2 dxc4 8.Nxc4 Qxb3
9.axb3 Nbd7 10.g3 Bg7 11.Bg2 Be4 12.Ncd2 Bd5 13.O-O O-O 14.Ne5 Bxg2 15.Kxg2 Rfd8
16.Ndc4 Nxe5 17.Bxe5 Nd5 18.Bxg7 Kxg7 19.Rfd1 Nc7 20.e3 f6 21.Rdc1 Kf7 22.Ra5 Nb5
23.Na3 Nxa3 24.bxa3 Ke6 25.Kf3 Rd5 26.Rxd5 Kxd5 27.Rc5+ Kd6 28.Rc2 a5 29.e4 Ra6
30.Ke3 Rb6 31.Rc3 Rb5 32.f3 e5 33.dxe5+ Rxe5 34.Rd3+ Kc7  1/2-1/2

[Event "V Ubeda Open"]
[Site "Ubeda ESP"]
[Date "2000.01.25"]
[Round "7"]
[White "Sargissian,G"]
[Black "Guerra Bastida,D"]
[Result "1-0"]
[WhiteElo "2442"]
[BlackElo "2313"]

1.d4 d5 2.c4 c6 3.Nf3 Nf6 4.Qc2 g6 5.Bf4 Bg7 6.e3 O-O 7.Nc3 Na6 8.cxd5 Nb4
9.Qd2 Bf5 10.e4 Nxe4 11.Nxe4 Qa5 12.Ng3 Nc2+ 13.Kd1 Qxd2+ 14.Kxd2 Nxa1 15.Nxf5 gxf5
16.Bd3 Rad8 17.dxc6 bxc6 18.Rxa1 c5 19.Rc1 cxd4 20.Rc7 e6 21.Rxa7 Rd5 22.Bc7 Rd7
23.Bb6 Rxa7 24.Bxa7 Rd8 25.Bc5 Bh6+ 26.Ke2 Bg7 27.a4 Ra8 28.b3 e5 29.Bxf5 Bf8
30.Bb6 Bb4 31.Kd3 Ra6 32.Bc7 h6 33.Be4 Ra7 34.Bb8 Rd7 35.Kc4 Be7 36.a5 d3
37.Bd5 Kf8 38.a6 e4 39.a7 Rd8 40.Bxe4  1-0

[Event "Renome 2000"]
[Site "Bjeljina YUG"]
[Date "2000.01.28"]
[Round "3"]
[White "Sahovic,D"]
[Black "Szuhanek,R"]
[Result "1-0"]
[WhiteElo "2412"]
[BlackElo "2406"]

1.d4 d5 2.c4 c6 3.Nf3 Nf6 4.Qc2 dxc4 5.Qxc4 Bf5 6.Nc3 e6 7.g3 Nbd7 8.Bg2 Be7
9.O-O O-O 10.a3 Ne4 11.Rd1 Nb6 12.Qa2 Nxc3 13.bxc3 Be4 14.a4 Qd5 15.a5 Nc4
16.Bf1 Nd6 17.Ne5 Qxa2 18.Rxa2 f6 19.Nd7 Rfd8 20.Nc5 Bd5 21.Rb2 Nc4 22.Rxb7 Bxc5
23.dxc5 Nxa5 24.Rc7 Nb3 25.Ba3 a5 26.f3 f5 27.e4 fxe4 28.c4 exf3 29.cxd5 Rxd5
30.Rxd5 cxd5 31.c6 Nd4 32.Bb2 Ne2+ 33.Kf2  1-0

[Event "Petroff Mem Open"]
[Site "St Petersburg RUS"]
[Date "2000.02.12"]
[Round "5"]
[White "Rashkovsky,N"]
[Black "Frolov,D"]
[Result "1-0"]
[WhiteElo "2523"]
[BlackElo "2428"]

1.d4 d5 2.c4 c6 3.Nf3 Nf6 4.Qb3 e6 5.g3 Nbd7 6.Bg2 Be7 7.O-O O-O 8.Nc3 b6
9.Bg5 h6 10.Bxf6 Bxf6 11.Qa4 Bb7 12.Rad1 a6 13.Qc2 Qc7 14.e4 dxc4 15.e5 Be7
16.Rfe1 b5 17.h4 Nb6 18.g4 c5 19.dxc5 Bxc5 20.Ne4 Bxe4 21.Qxe4 Rad8 22.g5 Rxd1
23.Rxd1 h5 24.g6 fxg6 25.Bh3 Qf7 26.Ng5 Qxf2+ 27.Kh1 Rf5 28.Bxf5 gxf5 29.Rd8+ Bf8
30.Qd4 Qe1+ 31.Kg2 Nd5 32.Nxe6 Qe2+ 33.Qf2 Ne3+ 34.Kg1 Qg4+ 35.Kh2 Nf1+ 36.Qxf1 Qxh4+
37.Kg2 Qg4+ 38.Kf2 Qh4+ 39.Ke2  1-0

[Event "Steinitz Mem"]
[Site "Rio de Janeiro BRA"]
[Date "2000.02.16"]
[Round "5"]
[White "Rios Filho,H"]
[Black "Benares,R"]
[Result "1-0"]
[WhiteElo "2295"]
[BlackElo "2236"]

1.d4 d5 2.c4 c6 3.Nf3 Nf6 4.Qb3 e6 5.g3 Bd6 6.Bg2 Nbd7 7.Nc3 O-O 8.O-O Re8
9.Rd1 dxc4 10.Qxc4 Qc7 11.Ng5 Nd5 12.Qd3 g6 13.Bd2 Bf8 14.h4 Bg7 15.Rac1 Qb6
16.Nge4 Bxd4 17.Na4 Ne5 18.Nxb6 Nxd3 19.Nxa8 Nxb2 20.Rf1 Bd7 21.Nd6 Rxa8
22.Nxb7 Na4 23.Na5 Nac3 24.Bxc3 Nxc3 25.Rc2 Bf6 26.Rfc1 Nd5 27.Nxc6 Kg7 28.e4 Bxc6
29.Rxc6 Nb4 30.R6c4 Be7 31.Rb1 Nd3 32.Rc7 Bc5 33.Rbb7 Rf8 34.Bf1 Bxf2+ 35.Kg2 Bb6
36.Bxd3 Bxc7 37.Rxc7 Rd8 38.Bc4 Kf6 39.Rxa7 Rd4 40.Rc7 Rxe4 41.Kf3 Ke5 42.Bd3 Rd4
43.Ke3 Rg4 44.Kf3 Rd4 45.Bc2 Rd2 46.a4 Kd6 47.Rc3 Rh2 48.a5 Rh1 49.Ra3 Rf1+
50.Ke2  1-0

[Event "16th open"]
[Site "Cappelle La Grande FRA"]
[Date "2000.02.23"]
[Round "6"]
[White "Tregubov,P"]
[Black "Gormally,D"]
[Result "1-0"]
[WhiteElo "2615"]
[BlackElo "2504"]

1.d4 d5 2.Nf3 Nf6 3.c4 c6 4.Qc2 e6 5.g3 Nbd7 6.Bg2 Bd6 7.O-O dxc4 8.Nbd2 b5
9.b3 c3 10.Qxc3 Bb7 11.e4 c5 12.Qd3 Be7 13.Qxb5 Qc8 14.Qd3 cxd4 15.e5 Nd5
16.Qxd4 Qc2 17.Ne4 O-O 18.Bb2 N5b6 19.Nfd2 Qc7 20.Rac1 Qd8 21.Rfd1 Bd5 22.Nc4 Rb8
23.Na5 Rc8 24.Rxc8 Qxc8 25.Nd6 Qa6 26.Nc6 Bxc6 27.Bxc6 Qxa2 28.Qc3 Nc5 29.Ra1 Qxb3
30.Qxb3 Nxb3 31.Rxa7 Bxd6 32.exd6 Nc4 33.d7 Nba5 34.Bg2  1-0

[Event "Open"]
[Site "Cannes FRA"]
[Date "2000.02.25"]
[Round "6"]
[White "Benitah,Y"]
[Black "Lamorelle,J"]
[Result "0-1"]
[WhiteElo "2397"]
[BlackElo "2192"]

1.d4 d5 2.c4 c6 3.Nf3 Nf6 4.Qc2 dxc4 5.Qxc4 Bf5 6.g3 Nbd7 7.Nc3 e6 8.Bg2 Be7
9.O-O O-O 10.e3 Qc7 11.Qe2 Ne4 12.Ne1 Nxc3 13.bxc3 b5 14.e4 Bg6 15.f4 f6
16.f5 Bf7 17.Qg4 exf5 18.exf5 Bd5 19.Nd3 Bxg2 20.Kxg2 Bd6 21.Bf4 a5 22.Rae1 Rfe8
23.Qh5 Rxe1 24.Rxe1 Nf8 25.Qg4 Bxf4 26.Nxf4 Qf7 27.Qe2 g6 28.fxg6 Nxg6 29.Nh5 b4
30.Rf1 bxc3 31.Nxf6+ Kh8 32.h4 Rb8 33.Kh3 Rb2 34.Qg4 c2 35.h5 Nf8 36.Qf5 Qe6
37.Ne8 Qxf5+ 38.Rxf5 Kg8 39.Nf6+ Kf7 40.Ng4+ Ke7 41.Rc5 Ne6 42.Rc4 Ng5+ 43.Kh4 Nf3+
44.Kh3 Ng1+ 45.Kh4 Ne2 46.Ne5 c1=Q 47.Nxc6+ Kf6  0-1

[Event "Estonian Club Cup 1st leg"]
[Site "Tallinn EST"]
[Date "2000.02.25"]
[Round "?"]
[White "Krupenski,Y"]
[Black "Karner,H"]
[Result "0-1"]
[WhiteElo "2183"]
[BlackElo "2296"]

1.Nf3 d5 2.d4 c6 3.c4 dxc4 4.e3 Bg4 5.Bxc4 e6 6.O-O Nf6 7.Nc3 Nbd7 8.e4 Be7
9.Bf4 O-O 10.h3 Bh5 11.g4 Bg6 12.Qe2 b5 13.Bd3 Ne8 14.Rad1 Bd6 15.Bg5 f6
16.e5 fxg5 17.Bxg6 Bb4 18.Bb1 Bxc3 19.bxc3 Rf4 20.d5 cxd5 21.Nd4 Qe7 22.Nxb5 Nf8
23.Nd4 Rc8 24.Rc1 Nc7 25.Qd3 Na8 26.Ne2 Rfc4 27.f4 gxf4 28.Nxf4 Nb6 29.Rf3 Na4
30.Kg2 Rxc3 31.Nxd5 exd5 32.Rxf8+ Kxf8 33.Rf1+ Ke8 34.Qxh7 Qxe5 35.Qg6+ Kd8
36.Bd3 Rxd3 37.Rf8+ Kc7 38.Rf7+ Kb8 39.Qxd3 Qb2+ 40.Rf2 Qb7 41.Qd4 Nb6 42.a4 Nc4
43.a5 Ka8 44.a6 Qd7 45.Re2 Nb6 46.Rf2 Re8 47.Qc5 d4  0-1

[Event "Caissa Open"]
[Site "Kharkov UKR"]
[Date "2000.03.02"]
[Round "9"]
[White "Semerij,Y"]
[Black "Maratkanov,E"]
[Result "1-0"]
[WhiteElo "2240"]
[BlackElo "2140"]

1.d4 d5 2.c4 c6 3.Nf3 Nf6 4.Nbd2 Bf5 5.g3 e6 6.Bg2 Be7 7.O-O h6 8.b3 O-O
9.Bb2 a5 10.Ne5 Nfd7 11.e4 dxe4 12.Nxe4 Nxe5 13.dxe5 Qxd1 14.Rfxd1 Bxe4 15.Bxe4 Re8
16.f4 Na6 17.a3 Red8 18.g4 h5 19.gxh5 Nc5 20.Bc2 a4 21.b4 Nb3 22.Rxd8+ Rxd8
23.Rd1 c5 24.Rxd8+ Bxd8 25.Bxb3 axb3 26.bxc5 Be7 27.c6 bxc6 28.Kf2 Kh7 29.Ke3 Kh6
30.Kd4 Kxh5 31.Kc3 Kg4 32.Bc1 Kf3 33.Kxb3 Ke4 34.a4 Bc5 35.a5 g6 36.a6 Ba7
37.Kb4 Kd4 38.Ba3 Ke4 39.Ka5 Kd4 40.Bd6 Kxc4 41.Bc7 Kc5 42.Bd8 Kd5 43.Bb6 Bb8
44.Kb4  1-0

[Event "3rd Open"]
[Site "Malaga ESP"]
[Date "2000.03.03"]
[Round "8"]
[White "Lazaro Porta,A"]
[Black "Hamdouchi,H"]
[Result "0-1"]
[WhiteElo "2073"]
[BlackElo "2513"]

1.Nf3 Nf6 2.d4 d5 3.c4 c6 4.g3 dxc4 5.Bg2 g6 6.O-O Bg7 7.a4 O-O 8.Na3 a5
9.Ne5 Ng4 10.Naxc4 Na6 11.Nxg4 Bxg4 12.Ne5 Bxe5 13.dxe5 Qxd1 14.Rxd1 Bxe2
15.Re1 Bg4 16.Bh6 Rfd8 17.h3 Be6 18.Red1 Rxd1+ 19.Rxd1 Nc5 20.Rd4 Nd7 21.f4 Nb6
22.g4 f6 23.Kf2 Kf7 24.Kg3 f5 25.Bg5 Bd5 26.Bf1 Ke6 27.Bg2 Bxg2 28.Kxg2 c5
29.Rd2 c4 30.Rd4 Rc8 31.Bh4 Nxa4 32.Rd2 b5 33.Bf2 b4 34.Rc2 b3  0-1

[Event "Wah Seong IM"]
[Site "Penang MAS"]
[Date "2000.03.04"]
[Round "8"]
[White "Ardiansyah,H"]
[Black "Myo Naing"]
[Result "1-0"]
[WhiteElo "2396"]
[BlackElo "2545"]

1.d4 d5 2.c4 c6 3.Nf3 Nf6 4.Qc2 e6 5.Bg5 Nbd7 6.a3 Be7 7.e3 O-O 8.Nc3 b6
9.cxd5 exd5 10.Bd3 Bb7 11.O-O Re8 12.h3 Nf8 13.Ne5 N6d7 14.Bf4 Nxe5 15.Bxe5 Bd6
16.Bxd6 Qxd6 17.b4 Re6 18.Rfc1 Rae8 19.Ne2 g6 20.b5 Rc8 21.Qa4 Qb8 22.Nf4 Rf6
23.Qb3 Rxf4 24.exf4 c5 25.dxc5 bxc5 26.Qa4 c4 27.Bf1 Ne6 28.Re1 Nc5 29.Qb4 Qc7
30.a4 Ne6 31.f5 gxf5 32.a5 d4 33.b6 axb6 34.axb6 Qc6 35.Re5 c3 36.Rxf5 c2
37.Rc1 Qe4 38.Rf3 Nf4 39.Qd6 Ne6 40.Qe7 Nf4 41.Qxe4 Bxe4 42.Rxf4 d3 43.Rxe4  1-0

[Event "Oz.com qualifier blitz"]
[Site "Internet ICC"]
[Date "2000.03.05"]
[Round "4"]
[White "Wolrich,C"]
[Black "Vasquez,R"]
[Result "0-1"]
[WhiteElo "2223"]
[BlackElo "2445"]

1.d4 Nf6 2.c4 c6 3.Nf3 d5 4.Qc2 e6 5.cxd5 exd5 6.Nc3 g6 7.Bg5 Be7 8.e3 Bf5
9.Bd3 Bxd3 10.Qxd3 Nbd7 11.O-O O-O 12.Rab1 a5 13.a3 a4 14.Rfc1 Re8 15.b4 axb3
16.Rxb3 Ra7 17.Rcb1 b5 18.Na2 Ne4 19.Bxe7 Qxe7 20.Nb4 Qd6 21.h3 Rea8 22.Nc2 Nb6
23.Nd2 Nc4 24.Nxe4 dxe4 25.Qc3 Nxa3 26.Nxa3 Rxa3 27.Rxa3 Rxa3 28.Qc2 Qd5
29.Rc1 Ra6 30.Qb2 Ra4 31.Rc5 Qe6 32.Re5 Qa2 33.Qxa2 Rxa2 34.Rxe4 Kf8 35.d5 c5
36.d6 Rd2 37.Re5 Rxd6 38.Rxc5 Rb6 39.Rc3 b4 40.Rb3 Ke7 41.Kf1 Kd6 42.Ke2 Kc5
43.Kd3 Rd6+ 44.Kc2 Kc4 45.Rb1 Ra6 46.Rb2 Ra1 47.g3 Rf1  0-1

[Event "Oz.com qualifier blitz"]
[Site "Internet ICC"]
[Date "2000.03.05"]
[Round "5"]
[White "Glenne,BE"]
[Black "Lugo,B"]
[Result "0-1"]
[WhiteElo "2250"]
[BlackElo "2415"]

1.d4 d5 2.c4 c6 3.Nf3 Nf6 4.g3 e6 5.Bg2 dxc4 6.Nc3 b5 7.O-O Bb7 8.a4 a6 9.Qc2 Nbd7
10.Rd1 Be7 11.Ne5 Nd5 12.e4 Nxc3 13.Qxc3 Nxe5 14.dxe5 Qxd1+  0-1

[Event "Oz.com qualifier blitz"]
[Site "Internet ICC"]
[Date "2000.03.05"]
[Round "5"]
[White "Slipak,S"]
[Black "Koskinen,Hen"]
[Result "0-1"]
[WhiteElo "2503"]
[BlackElo "2298"]

1.d4 d5 2.c4 c6 3.Nf3 Nf6 4.Qc2 e6 5.Bg5 h6 6.Bh4 Be7 7.e3 Ne4 8.Bxe7 Qxe7
9.Bd3 Nd7 10.O-O Ndf6 11.Ne5 O-O 12.f3 Nd6 13.c5 Nf5 14.Nc3 Nxe3 15.Qf2 Nxf1
16.Rxf1 Nd7 17.Ng4 b6 18.cxb6 axb6 19.f4 Ba6 20.Bb1 Bxf1 21.Kxf1 f5 22.Ne3 c5
23.Ne2 Qf6 24.Nc2 Rfc8 25.h3 cxd4 26.Nexd4 Nc5 27.Nb5 Qxb2  0-1

[Event "Oz.com qualifier blitz"]
[Site "Internet ICC"]
[Date "2000.03.05"]
[Round "6"]
[White "Olcayoz,A"]
[Black "Chernin,O"]
[Result "1-0"]
[WhiteElo "2339"]
[BlackElo "2221"]

1.d4 d5 2.Nf3 Nf6 3.c4 c6 4.Qc2 g6 5.Bg5 Bf5 6.Qb3 Qb6 7.Bxf6 Qxb3 8.axb3 exf6
9.Nc3 Be6 10.e4 dxe4 11.Nxe4 Bg7 12.Nd6+ Kd7 13.Nxb7 Re8 14.Nc5+ Kc7 15.Nxe6+ Rxe6+
16.Kd2 Nd7 17.Bd3 h6 18.g4 Kb7 19.h4 Rae8 20.h5 f5 21.gxf5 gxf5 22.Rhe1 Rxe1
23.Rxe1 Rxe1 24.Kxe1 Nf6 25.Bxf5 Nxh5 26.Kd2 Kc7 27.Ke3 Nf6 28.Ne5 Ne8 29.Nxf7 Nd6
30.Nxd6 Kxd6 31.b4 Bf6 32.Kd3 Bh4 33.f3 Be1 34.c5+ Kc7 35.Kc4 a6 36.Bg4 Bd2
37.Kb3 Be3 38.Kc4 Bd2 39.Be6 h5 40.d5 cxd5+ 41.Bxd5 h4 42.Be6 Be1 43.b5 axb5+
44.Kxb5 Bd2 45.b4 Bg5 46.Kc4 Bd2 47.b5 Bf4 48.b6+ Kb7 49.Kb5 Bg3 50.c6+ Kb8
51.c7+ Bxc7 52.bxc7+ Kxc7 53.Kc5 Kd8 54.Kd6 Ke8 55.Bh3 Kf7 56.Ke5 Kg6 57.Kf4  1-0

[Event "German Team Cup"]
[Site "Forchheim GER"]
[Date "2000.03.19"]
[Round "2"]
[White "Kengis,E"]
[Black "Hansen,Cu"]
[Result "1/2-1/2"]
[WhiteElo "2574"]
[BlackElo "2618"]

1.Nf3 Nf6 2.c4 c6 3.d4 d5 4.Qc2 g6 5.Bf4 dxc4 6.Qxc4 Bg7 7.e3 O-O 8.Be2 Qb6
9.Qc2 Nbd7 10.Nc3 Qa5 11.O-O Nb6 12.Nd2 Nbd5 13.Nxd5 Nxd5 14.Bg3 Nf6 15.Be5 Be6
16.a3 Qb6 17.b4 a5 18.Qc5 Qd8 19.Qc2 axb4 20.axb4 Qb6 21.Qb2 Rfc8 22.Bxf6 exf6
23.Bc4 Bxc4 24.Nxc4 Qc7 25.Rxa8 Rxa8 26.b5 f5 27.Qb3 f4 28.bxc6 Qxc6 29.Ne5 Bxe5
30.dxe5 f3 31.e6 fxe6 32.gxf3 Ra5 33.f4 Rc5 34.Qb2 Rc2 35.Qf6 Rc1 36.Rxc1 Qxc1+  1/2-1/2

[Event "55th ch-YUG"]
[Site "Subotica YUG"]
[Date "2000.03.20"]
[Round "4"]
[White "Mijailovic,Z"]
[Black "Ilincic,Z"]
[Result "1/2-1/2"]
[WhiteElo "2394"]
[BlackElo "2554"]

1.Nf3 d5 2.d4 Nf6 3.c4 c6 4.Qb3 dxc4 5.Qxc4 g6 6.Bf4 Bg7 7.e3 O-O 8.Be2 Be6
9.Qc1 Nbd7 10.O-O Nh5 11.Bg5 h6 12.Bh4 g5 13.Bg3 Nxg3 14.hxg3 c5 15.Nc3 cxd4
16.Nxd4 Bxd4 17.exd4 Nf6 18.Qe3 Nd5 19.Nxd5 Bxd5 20.Bf3 Bxf3 21.gxf3 Qd6
22.Rac1 Rac8 23.Qe4 b6 24.d5 Rxc1 25.Rxc1 Rd8 26.Rc6 Qxd5 27.Qxe7 Qxc6 28.Qxd8+ Kg7
29.Kg2 a5 30.b3 Qc5 31.g4 Qb4 32.Qd5 Qf4 33.a4 Qf6 34.Kg3 Qc3 35.Kg2 Qa1
36.Qd6 Qf6 37.Qd5 Qc3 38.Kg3 Qc7+ 39.Kg2 Kf6 40.Qf5+ Ke7 41.Qe4+ Kf8 42.Qa8+ Kg7
43.Qd5  1/2-1/2

[Event "55th ch-YUG"]
[Site "Subotica YUG"]
[Date "2000.03.22"]
[Round "6"]
[White "Mijailovic,Z"]
[Black "Tosic,M"]
[Result "1/2-1/2"]
[WhiteElo "2394"]
[BlackElo "2503"]

1.Nf3 d5 2.d4 Nf6 3.c4 c6 4.Qb3 e6 5.g3 Nbd7 6.Nc3 a5 7.a4 Bb4 8.Bg2 b6 9.cxd5 exd5
10.O-O O-O 11.Bg5 Re8 12.e3 Ba6 13.Rfc1 h6 14.Bxf6 Qxf6 15.Qc2 Rac8 16.Bh3 Rcd8
17.Qf5 Qxf5 18.Bxf5 Nb8 19.Bh3 Bd6 20.Ne1 g6 21.Bf1 Bb7 22.Rd1 Na6 23.Rac1 Nb4
24.Nd3 Kg7 25.h4 f5 26.Re1 g5 27.h5 Kf6 28.f4 Rg8 29.Kf2 Nxd3+ 30.Bxd3 Rde8
31.Ne2 Bb4 32.Nc3 Re7 33.Re2 Re6 34.Rg1 Bc8 35.Rc1 Bd7 36.Rd1 Be8 37.Rh1 Re7
38.Ree1 Reg7 39.Reg1 gxf4 40.exf4 Bf7 41.Be2 c5 42.Na2 Be6 43.Bf3 Rc8 44.Rc1 Rgc7
45.Ke2 Bf7 46.Rhd1 Be8 47.Nxb4 cxb4 48.Rxc7 Rxc7 49.b3 b5 50.axb5 Rc2+ 51.Ke3 Bxb5
52.Bxd5 Rc3+ 53.Kf2 Rc2+ 54.Ke3 Re2+ 55.Kf3 Re7 56.Kf2 Re2+ 57.Kf3 Re7 58.Kf2 Re2+
59.Kf3 Re8 60.Kf2 Re2+  1/2-1/2

[Event "ch-ISL (team)"]
[Site "Reykjavik ISL"]
[Date "2000.03.24"]
[Round "?"]
[White "Arnason,T"]
[Black "Gretarsson,H"]
[Result "0-1"]
[WhiteElo "2295"]
[BlackElo "2544"]

1.d4 d5 2.Nf3 Nf6 3.c4 c6 4.g3 dxc4 5.Bg2 b5 6.a4 Bb7 7.Ne5 a6 8.O-O e6 9.Nc3 Qb6
10.e4 Be7 11.d5 O-O 12.d6 Bd8 13.Be3 c5 14.a5 Qa7 15.b4 cxb3 16.Nd3 Nfd7
17.Qh5 g6 18.Nxc5 gxh5 19.Nxd7 Nxd7  0-1

[Event "ch-ISL (team)"]
[Site "Reykjavik ISL"]
[Date "2000.03.24"]
[Round "?"]
[White "Edvardsson,K"]
[Black "Asgeirsson,H"]
[Result "1-0"]
[WhiteElo "2170"]
[BlackElo "2107"]

1.d4 d5 2.c4 c6 3.Nf3 Nf6 4.g3 e6 5.Bg2 Be7 6.O-O O-O 7.Qc2 Nbd7 8.b3 b6
9.Rd1 Bb7 10.Nc3 Rc8 11.e4 dxe4 12.Nxe4 Nxe4 13.Qxe4 Nf6 14.Qe2 Qc7 15.Bf4 Bd6
16.Bxd6 Qxd6 17.Ne5 Qe7 18.Nd3 Rfd8 19.Nf4 Rd6 20.Rd2 Rcd8 21.Rad1 R8d7 22.Qe5 Ng4
23.Qe2 Nf6 24.Bh3 h6 25.Qe3 Rd8 26.b4 Ba6 27.c5 R6d7 28.Bg2 Nd5 29.Nxd5 exd5
30.Qc3 bxc5 31.bxc5 Re8 32.Rb2 Qf6 33.h4 Rde7 34.Bf1 Be2 35.Bxe2 Rxe2 36.Rf1 Rxb2
37.Qxb2 Qf3 38.a3 Re4 39.a4 Qe2  1-0

[Event "55th ch-YUG"]
[Site "Subotica YUG"]
[Date "2000.03.25"]
[Round "8"]
[White "Mijailovic,Z"]
[Black "Todorovic,GM"]
[Result "0-1"]
[WhiteElo "2394"]
[BlackElo "2426"]

1.Nf3 d5 2.d4 Nf6 3.c4 c6 4.Qb3 e6 5.g3 dxc4 6.Qxc4 b5 7.Qb3 Bb7 8.Bg2 Nbd7
9.O-O a6 10.a4 c5 11.axb5 Bd5 12.Qc2 Be4 13.Qb3 Bd5 14.Qc2 axb5 15.Rxa8 Qxa8
16.Nc3 Bc6 17.dxc5 Bxc5 18.Bg5 O-O 19.Bxf6 Nxf6 20.Ne1 Rc8 21.Bxc6 Qxc6 22.Qb3 b4
23.Nb1 Ne4 24.Qf3 Bxf2+ 25.Rxf2 Nxf2 26.Kxf2 Qc5+ 27.Kf1 Qc1 28.Qd3 Qxb2
29.Nd2 h6 30.Nef3 Qc3 31.Qd7 Qc7 32.Qd4 Qb7 33.Kf2 b3 34.Qb2 Rb8 35.Nd4 Qa7
36.Ke1 Qa2 37.Qxa2 bxa2 38.N4b3 g5 39.Kd1 Rc8 40.Na1 Kg7 41.Ndb3 g4 42.Nc1 Kf6
43.Nab3 Ra8 44.Na1 Ra5 45.Kc2 Kg6 46.Kb2 Rh5 47.Nxa2 Rxh2 48.Nc3 Rg2 49.Nc2 Rxg3
50.Ne1 h5 51.Kc2 h4 52.Nd3 h3 53.Ne4 Re3 54.Nef2 Rxe2+ 55.Kd1 Rxf2 56.Nxf2 h2
57.Nh1 f5  0-1

[Event "FSIMB April"]
[Site "Budapest HUN"]
[Date "2000.04.02"]
[Round "2"]
[White "Dudas,Jano"]
[Black "Dolgener,T"]
[Result "1-0"]
[WhiteElo "2321"]
[BlackElo "2260"]

1.Nf3 d5 2.d4 c6 3.c4 dxc4 4.e3 b5 5.a4 e6 6.b3 b4 7.Bxc4 Nf6 8.O-O Be7 9.Qe2 O-O
10.e4 Bb7 11.Rd1 a5 12.Nbd2 Nbd7 13.e5 Nd5 14.Ne4 c5 15.Bb2 cxd4 16.Rxd4 Qb8
17.Rad1 Nc5 18.Bxd5 Bxd5 19.Nf6+ Kh8 20.Rh4 h6 21.Qe3  1-0

[Event "Frisco Masters"]
[Site "San Francisco USA"]
[Date "2000.04.03"]
[Round "6"]
[White "Poehlmann,R"]
[Black "Wong,R"]
[Result "0-1"]
[WhiteElo "2175"]
[BlackElo "2061"]

1.d4 Nf6 2.g3 d5 3.c4 c6 4.Nf3 e6 5.Bg2 Be7 6.O-O O-O 7.Qc2 b6 8.Ne5 Nfd7
9.Nd3 Nf6 10.cxd5 cxd5 11.Bf4 Bb7 12.Nd2 Nc6 13.Nf3 Ne4 14.Rfc1 f6 15.Qa4 Rc8
16.Rc2 g5 17.Be3 a6 18.b4 a5 19.bxa5 Nxa5 20.Rxc8 Bxc8 21.Rc1 Bd7 22.Qc2 Nc4
23.Nd2 Nxe3 24.fxe3 Nxd2 25.Qxd2 Qa8 26.g4 Bd6 27.Rc2 Rc8 28.Qc1 Rxc2 29.Qxc2 Bb5
30.Qb3 Qc6 31.e4 Bxd3 32.Qxd3 Qc1+ 33.Kf2 Bxh2 34.exd5 Bg1+ 35.Kg3 Qf4+  0-1

[Event "Women's Open"]
[Site "St Petersburg RUS"]
[Date "2000.04.14"]
[Round "8"]
[White "Sirotkina,N"]
[Black "Hlgatian,G"]
[Result "1-0"]
[WhiteElo "2284"]
[BlackElo "2215"]

1.d4 d5 2.c4 c6 3.Nf3 Nf6 4.Nbd2 Bf5 5.g3 e6 6.Bg2 h6 7.O-O Be7 8.b3 O-O
9.Bb2 Nbd7 10.Ne5 a5 11.h3 a4 12.Bc3 a3 13.f4 Qc7 14.e3 Bh7 15.Qe2 c5 16.Rac1 Rac8
17.Rfd1 b6 18.Nxd7 Qxd7 19.dxc5 bxc5 20.cxd5 exd5 21.Ne4 Qe6 22.Bxf6 Bxf6
23.Rxd5 Rfd8 24.Rcd1 Rxd5 25.Rxd5 Bb2 26.Kf2 Re8 27.Rd6 Qe7 28.Rd1 Bf5 29.Nd6 Be6
30.Nxe8 Qxe8 31.Qd3 g6 32.Qd8 Qxd8 33.Rxd8+ Kg7 34.Bd5 Bf5 35.e4 Bxh3 36.Bc4 h5
37.Ra8 Bd4+ 38.Kf3 Bg4+ 39.Kg2 Bb2 40.Ra7 Bd1 41.Rxf7+ Kh6 42.e5  1-0

[Event "Millennium Masters"]
[Site "Oakham ENG"]
[Date "2000.04.15"]
[Round "5"]
[White "Pert,N"]
[Black "Norris,A"]
[Result "1-0"]
[WhiteElo "2396"]
[BlackElo "2301"]

1.d4 d5 2.c4 c6 3.Nf3 Nf6 4.Qc2 g6 5.Bf4 Bf5 6.Qb3 Qb6 7.c5 Qxb3 8.axb3 Nbd7
9.Nc3 Nh5 10.Bc7 Bg7 11.e3 O-O 12.h3 Be4 13.Nd2 Rfc8 14.Bh2 Nhf6 15.b4 a6
16.f3 Bf5 17.g4 Be6 18.Nb3 Ne8 19.Na5 Ra7 20.Nb3 Raa8 21.Na4 Nc7 22.Na5 Rab8
23.Nb6 Nxb6 24.cxb6 Na8 25.Nxb7 Nxb6 26.Bxb8 Rxb8 27.Nc5 Nc4 28.Bxc4 dxc4
29.Nxa6 Rb6 30.Nc5 Rxb4 31.Ra8+ Bf8 32.Nxe6 fxe6 33.Rh2 Kf7 34.Rc2 Bg7 35.Rc8 e5
36.dxe5 Bxe5 37.Rxc6 Bxb2 38.R6xc4 Rb3 39.Kf2 Be5 40.f4 Bg7 41.Rc7 Rb1 42.R2c4 Rh1
43.Re4 Bf8 44.f5 g5 45.Re5 Kg8 46.f6  1-0